ბათუმის შოთა რუსთაველის სახელმწიფო უნივერსიტეტის ბიბლიოთეკა

Очерки истории Грузии : В 8 т. : (ბიბ.ჩანაწერი № 61140)

000 -LEADER
fixed length control field 01069nam a22001937a 4500
005 - DATE AND TIME OF LATEST TRANSACTION
control field 20231222121257.0
008 - FIXED-LENGTH DATA ELEMENTS--GENERAL INFORMATION
fixed length control field 231222s1989 ru ||||| |||| 00| 0 rus d
020 ## - INTERNATIONAL STANDARD BOOK NUMBER
International Standard Book Number 5520004986
041 ## - LANGUAGE CODE
Language code of text/sound track or separate title rus
080 ## - UNIVERSAL DECIMAL CLASSIFICATION NUMBER
Universal Decimal Classification number 94(479.22)''03'' O-95
245 ## - TITLE STATEMENT
Title Очерки истории Грузии : В 8 т. :
Remainder of title Т. 1, Грузия с древнейших времен до IV в. н.э. /
Statement of responsibility, etc. Редакторы Г.А. Меликишвили, О.Д. Лордкипанидзе.
264 ## - PRODUCTION, PUBLICATION, DISTRIBUTION, MANUFACTURE, AND COPYRIGHT NOTICE
Place of production, publication, distribution, manufacture Тбилиси :
Name of producer, publisher, distributor, manufacturer Мецниереба,
Date of production, publication, distribution, manufacture, or copyright notice 1989.
300 ## - PHYSICAL DESCRIPTION
Extent 508 с.:
Other physical details ил. ;
Dimensions 22 см.
653 ## - INDEX TERM--UNCONTROLLED
keyword საქართველოს უძველესი ისტორია
700 ## - ADDED ENTRY--PERSONAL NAME
Personal name Меликишвили, Г. А.
Relator term რედაქტორი
9 (RLIN) 20852
700 ## - ADDED ENTRY--PERSONAL NAME
Personal name Лордкипанидзе, О. Д.
Relator term რედაქტორი
9 (RLIN) 20410
710 ## - ADDED ENTRY--CORPORATE NAME
Corporate name or jurisdiction name as entry element Академия Наук Грузинской ССР.
Date of meeting or treaty signing Институт истории, археологии и этнографии им. И.А. Джавахишвили
9 (RLIN) 20853
942 ## - ADDED ENTRY ELEMENTS (KOHA)
Source of classification or shelving scheme
Koha item type წიგნი
ეგზემპლარები
Withdrawn status Lost status Source of classification or shelving scheme Damaged status Not for loan Permanent Location Current Location Shelving location Date acquired Cost, normal purchase price Full call number Barcode Date last seen Copy number Uniform Resource Identifier Price effective from Koha item type Public note
          ბათუმის შოთა რუსთაველის სახელმწიფო უნივერსიტეტის მთავარი ბიბლიოთეკა ბათუმის შოთა რუსთაველის სახელმწიფო უნივერსიტეტის მთავარი ბიბლიოთეკა წიგნსაცავი 2023-12-22 8.00 94(479.22)''03'' O-95 65662 2023-12-22 65662 ბსუ-ს საპატიო დოქტორის გურამ ლორთქიფანიძის საჩუქარი 2023-12-22 წიგნი 8 ლ.